| 000 | 01493nam a2200373 a 4500 | ||
|---|---|---|---|
| 001 | ebr10267279 | ||
| 003 | CaPaEBR | ||
| 006 | m u | ||
| 007 | cr cn||||||||| | ||
| 008 | 040206s2005 dcu sb 001 0 eng | ||
| 010 | _z 2004002315 | ||
| 020 | _z0813213886 (cloth : alk. paper) | ||
| 040 |
_aCaPaEBR _cCaPaEBR |
||
| 035 | _a(OCoLC)609299397 | ||
| 043 | _ae-uk--- | ||
| 050 | 1 | 4 |
_aPR2343 _b.M23 2005eb |
| 082 | 0 | 4 |
_a808.1 _222 |
| 100 | 1 |
_aMack, Michael, _d1963- |
|
| 245 | 1 | 0 |
_aSidney's poetics _h[electronic resource] : _bimitating creation / _cMichael Mack. |
| 260 |
_aWashington, D.C. : _bCatholic University of America Press, _cc2005. |
||
| 300 | _a216 p. | ||
| 504 | _aIncludes bibliographical references (p. 195-210) and index. | ||
| 533 |
_aElectronic reproduction. _bPalo Alto, Calif. : _cebrary, _d2013. _nAvailable via World Wide Web. _nAccess may be limited to ebrary affiliated libraries. |
||
| 600 | 1 | 0 |
_aSidney, Philip, _cSir, _d1554-1586 _xAesthetics. |
| 600 | 1 | 0 |
_aSidney, Philip, _cSir, _d1554-1586. _tApologie for poetrie. |
| 650 | 0 |
_aCreation (Literary, artistic, etc.) _xHistory _y16th century. |
|
| 650 | 0 |
_aPoetics _xHistory _y16th century. |
|
| 650 | 0 |
_aAesthetics, Modern _y16th century. |
|
| 650 | 0 | _aAesthetics, British. | |
| 650 | 0 | _aPoetry. | |
| 655 | 7 |
_aElectronic books. _2local |
|
| 710 | 2 | _aebrary, Inc. | |
| 856 | 4 | 0 |
_uhttp://site.ebrary.com/lib/rucke/Doc?id=10267279 _zAn electronic book accessible through the World Wide Web; click to view |
| 999 |
_c8784 _d8784 |
||